00514nam a22001697a 450000500170000001000150001702000260003203500130005803700130007108200110008410000210009524500600011626000330017627000620020930000230027150000500029420150717111435.0 aENG-113098 a9789380752556c795.00 aEN-96630 bDBAD/PUB a341.48 aNilesh, K. Singh aNGO developments and human rights /cby Nilesh K. Singh bKunal Booksc2011aNew Delhi b New Delhie110002a4648/1A, First Floor, 11, Daryaganj, avi,263p.c22cm(Hb) aIncludes bibliographical references and index